000 00356nam a2200157Ia 4500
008 230524s9999 xx 000 0 und d
082 _a658.12
_bNIT
100 _aJ Nithyashri
245 0 _aSystem Software
250 _a2ND
260 _aNEW DELHI
_bMGH
_c2010
300 _aXI;187
500 _aQuantity Number: 5
650 _aComp-Sc
942 _cBK
999 _c46129
_d46129